01065 a2200145 4500003000500000005001700005040000900022082001000031100001300041245004800054260004200102300001200144505073400156538002900890Nust20170207154112.0 cNust a358.4 aAshe Lee aThe soviet air and rocket forcescAsher Lee aLondonbWeidenfeld and nicolsonc1959 a301,p.; aThe Civil War to the Second World War, (Page-21) From Barbarossa to Stalingrad (Page-47) From Stalingrad to Berlin (Page-61) Soviet Air Strategy in the Second World (page-75) Post- War Strategy (Page-89) Long Range Air Attack (Page-101) Strategic Air Defense (Page-117) The Development of Jet Fighters and Fighter Bombers (Page-130) Soviet Missiles (page-146) Soviet Airborne Troops (Page-160) Soviet Air Power (Page-170) The Training of Personal (Page-188) Politics in the Soviet Air Force (Page-201) Daily Life in The Soviet Air Force (Page-2016) The German legacy (Page-229) Soviet Aircraft Production (Page-241) Soviet Civil Aviation (page-256) The Air Allies of the USSR (Page-270) The Future of Soviet Air Power (Page-287)  aAlmirah No.54 Shelf No.5